[Event "DUTCH TOURNOI Pour Mon Pote!"]
[Site "SchemingMind.com"]
[Date "2006.09.22"]
[Round "-"]
[White "Ursus"]
[Black "marble"]
[Result "1-0"]
[WhiteCountry "INT"]
[BlackCountry "ENG"]
[WhiteElo "1732"]
[WhiteRD "69"]
[BlackElo "1601"]
[BlackRD "58"]
[GameID "68632"]

1. d4 f5 2. Bg5 h6 3. Bh4 g5 4. e3 Nf6 5. Bg3 Bg7 6. Bd3 d5 7. Be5 Nc6 8. Bxf6 Bxf6 9. Qh5+ Kf8 10. Nc3 Qe8
11. Qxe8+ Kxe8 12. Nxd5 Kd8 13. Ne2 Bg7 14. Ng3 e6 15. Nc3 f4 16. Nge4 b6 17. Bb5 Nb4 18. O-O-O a6 19. Be2 Bb7 20. Bf3 Kd7
21. Nc5+ bxc5 22. Bxb7 Rab8 23. dxc5+ Ke7 24. c6 Rhd8 25. a3 Nd5 26. Nxd5+ exd5 27. b4 fxe3 28. Rhe1 Kf7 29. Rxe3 Kg8 30. Red3 Be5
31. g3 d4 32. c3 Bf6 33. cxd4 Rd5 34. Bxa6 Rb6 35. b5 Rb8 36. Re3 Bxd4 37. Red3 Rbd8 38. b6 Rc5+ 39. Kb1 Rxc6 40. bxc7 Rb6+
41. Kc1 Rc6+= 42. Kb1 Rb6+ 43. Kc2 Rc6+ 44. Kb3 Rb6+ 45. Kc4 Rc6+ 46. Kb4 Rb6+ 47. Kc4 Rc6+ 48. Kb4 Rb6+ 49. Bb5
1-0

[Event "DUTCH TOURNOI Pour Mon Pote!"]
[Site "SchemingMind.com"]
[Date "2006.09.22"]
[Round "-"]
[White "kifosi"]
[Black "marble"]
[Result "1-0"]
[WhiteCountry "DEN"]
[BlackCountry "ENG"]
[WhiteElo "1649"]
[WhiteRD "81"]
[BlackElo "1601"]
[BlackRD "58"]
[GameID "68633"]

1. d4 f5 2. g3 e6 3. Nf3 g6 4. Bf4 Bg7 5. Bg2 d6 6. O-O Nc6 7. c3 Bd7 8. Na3 a6 9. Qb3 Na5 10. Qc2 Nf6
11. Nd2 Qe7 12. b4 Nc6 13. b5 Nd8 14. b6 cxb6 15. Nac4 e5 16. dxe5 dxe5 17. Bxe5 Nd5 18. Bxg7 Qxg7 19. Bxd5 Qf6 20. Qd3 b5
21. Qe3+ Kf8 22. Nb6 f4 23. Nxd7+
1-0

[Event "DUTCH TOURNOI Pour Mon Pote!"]
[Site "SchemingMind.com"]
[Date "2006.09.22"]
[Round "-"]
[White "mindgame"]
[Black "marble"]
[Result "0-1"]
[WhiteCountry "BEL"]
[BlackCountry "ENG"]
[WhiteElo "1583"]
[WhiteRD "93"]
[BlackElo "1601"]
[BlackRD "58"]
[GameID "68634"]

1. d4 f5 2. Nc3 Nc6 3. e4 fxe4 4. Nxe4 d5 5. Ng5 h6 6. Qh5+ Kd7 7. Nf7 Qe8 8. Qf5+ e6 9. Qf3 Nxd4 10. Ne5+ Kd8
11. Qd3 Nc6 12. Ngf3 Nxe5 13. Nxe5 Bd6 14. Ng6 Rh7 15. Be2 e5 16. Nxe5 Nf6 17. Nf3 g5 18. Bd2 Re7 19. h3 a6 20. Be3 Bd7
21. O-O-O a5 22. Bd4 Ne4 23. h4 c5 24. Bxc5 Bxc5 25. Qxd5 Rb8 26. Rhf1 g4 27. Nh2 Re5 28. Qc4 Kc7 29. Nxg4 Nd6 30. Qc3 Rxe2
31. Qxc5+ Bc6 32. Qxd6+ Kb6 33. Qd4+ Ka6 34. Ne3 Qg6 35. Nc4 Qxc2#
0-1

[Event "DUTCH TOURNOI Pour Mon Pote!"]
[Site "SchemingMind.com"]
[Date "2006.09.22"]
[Round "-"]
[White "Coloplast"]
[Black "marble"]
[Result "1-0"]
[WhiteCountry "SWE"]
[BlackCountry "ENG"]
[WhiteElo "1796"]
[WhiteRD "137"]
[BlackElo "1635"]
[BlackRD "63"]
[GameID "68635"]

1. d4 f5 2. c4 Nf6 3. Nc3 e6 4. Nf3 b6 5. Bg5 h6 6. Bxf6 Qxf6 7. e3 Bb7 8. Be2 d6 9. d5 Be7 10. Nd4 Na6
11. Nxe6 Qg6 12. Bh5
1-0

[Event "DUTCH TOURNOI Pour Mon Pote!"]
[Site "SchemingMind.com"]
[Date "2006.09.22"]
[Round "-"]
[White "OlegK"]
[Black "marble"]
[Result "1-0"]
[WhiteCountry "BLR"]
[BlackCountry "ENG"]
[WhiteElo "1982"]
[WhiteRD "113"]
[BlackElo "1601"]
[BlackRD "58"]
[GameID "68636"]

1. d4 f5 2. c4 Nf6 3. g3 e6 4. Nf3 b6 5. Bg2 Bb7 6. O-O h6 7. b3 g5 8. Bb2 g4 9. Nh4 Bxg2 10. Nxg2 Nc6
11. Qc2 d5 12. cxd5 Qxd5 13. Nf4 Qd6 14. d5 exd5 15. Bxf6 Qxf6 16. Nxd5 Qg7 17. Qxf5 Nd4 18. Qe4+ Kd7 19. Nbc3 Re8 20. Qd3 c6
21. Nf4 Kc7 22. Rac1 Bd6 23. Nb5+ Kd7 24. Nxd4 Bxf4 25. Nf5+
1-0